Normal view
MARC view
- Tío Tom
Entry Nombre Personal
001 - NUMERO DE CONTROL
- campo de control: 46272
003 - IDENTIFICADOR DE NUMERO DE CONTROL
- campo de control: UPN
005 - FECHA Y HORA DE LA ÜLTIMA TRANSACCIÓN
- campo de control: 20220911202528.0
008 - DATOS DE LONGITUD FIJA
- campo de control de longitud fija: 220911nn acannaabn n ana d
040 ## - FUENTE DE CATALOGACIÓN
- Agencia original de catalogación: UPN
100 0# - ENCABEZAMIENTO - NOMBRE PERSONAL
- Nombre personal: Tío Tom
- Títulos u otras palabras asociadas al nombre: (Personaje ficticio)
670 ## - FUENTE EN LA QUE SE LOCALIZARON DATOS
- Cita de la fuente: LC
- Información localizada: Uncle Tom |c (Fictitious character)
902 ## - CATALOGADOR
- Catalogador: CAA/110922
